Szczegóły MARC21

Kompass DaF B2 : Deutsch für Studium und Beruf : Medienpaket mit 4 Audio-CDs und 1 DVD /

001 -Numer kontrolny rekordu [,]
    • @
    • pole kontrolne
    • xx005247616
003 -Nazwa instytucji [,]
    • @
    • pole kontrolne
    • NUKAT
005 -Data i czas ostatniej zmiany [,]
    • @
    • Data ostatniej zmiany
    • 20241231114705.0
006 -Dane kontrolne, dodatkowa charakterystyka dokumentu [,]
    • @
    • Dane kontrolne, dodatkowa charakterystyka dokumentu
    • m f d |
007 -Forma fizyczna dokumentu dźwiękowego [,]
    • @
    • Forma fizyczna dokumentu dźwiękowego
    • co cgannnanndn
008 -Pole stałej długości [,]
    • @
    • pole
    • 211124s2020 gw nnnnfq j n ger c
020 -Międzynarodowy znormalizowany numer książki - ISBN [ , ]
    • a
    • Numer ISBN
    • 9783126700115 Find
    • q
    • Dopowiedzenie
    • etui
035 -Inne numery kontrolne [ , ]
    • a
    • Numer kontrolny
    • (OCoLC)1288367406
040 -Instytucja sporządzająca opis [ , ]
    • c
    • Instytucja, która sporządziła rekord (NP)
    • SZCZ U/MCs
920 -ISBN [ , ]
    • a
    • ISBN
    • 978-3-12-670011-5 Find
    • q
    • Dopowiedzenie
    • etui
942 -Rodzaj dokumentu [ , ]
    • c
    • Rodzaj dokumentu
    • Dokument Dźwiękowy - płyta
245 -Strefa tytułu i oznaczenia odpowiedzialności [1,0]
    • a
    • Tytuł
    • Kompass DaF B2 :
    • b
    • Ciąg dalszy tytułu (NP)
    • Deutsch für Studium und Beruf : Medienpaket mit 4 Audio-CDs und 1 DVD /
    • c
    • Pozostałe elementy strefy tytułu i oznaczenia odpowiedzialności (NP)
    • Authoring: Bauer Studios GmbH.
260 -Strefa adresu wydawniczego [ , ]
    • a
    • Miejsce wydania (P)
    • Stuttgart :
    • b
    • Nazwa wydawcy (P)
    • Ernst Klett Sprachen,
    • c
    • Data wydania (P)
    • © 2020.
300 -Strefa opisu fizycznego [ , ]
    • a
    • Określenie formy książki i/lub objętość (NP)
    • 5 płyt :
    • b
    • Inne szczegóły opisu fizycznego (NP)
    • digital, stereo ;
    • c
    • Format (NP)
    • 19 cm +
    • e
    • Oznaczenie dokumentu towarzyszącego (NP)
    • broszura [8] stron.
336 -Typ zawartości [ , ]
    • a
    • Termin określający typ nośnika
    • Słowo mówione
    • b
    • Kod określający zawartość
    • spw
    • 2
    • Źródło (termin i kod)
    • rdacontent
337 -Typ mediów [ , ]
    • a
    • Tryb odtwarzania
    • Audio
    • b
    • Kod typu nośnika
    • s
    • 2
    • Źródło (termin i kod)
    • rdamedia
337 -Typ mediów [ , ]
    • a
    • Tryb odtwarzania
    • Komputer
    • b
    • Kod typu nośnika
    • c
    • 2
    • Źródło (termin i kod)
    • rdamedia
338 -Typ/rodzaj nośnika [ , ]
    • a
    • Hasło opisujące typ nośnika
    • Płyta audio
    • b
    • Kod typu nośnika
    • sd
    • 2
    • Źródło (termin i kod)
    • rdacarrier
338 -Typ/rodzaj nośnika [ , ]
    • a
    • Hasło opisujące typ nośnika
    • Dysk komputerowy
    • b
    • Kod typu nośnika
    • cd
    • 2
    • Źródło (termin i kod)
    • rdacarrier
500 -Uwaga ogólna [ , ]
    • a
    • Uwaga ogólna (NP)
    • Miejsce i data wydania w copyright.
500 -Uwaga ogólna [ , ]
    • a
    • Uwaga ogólna (NP)
    • Płyty do korzystania z podręcznikiem.
500 -Uwaga ogólna [ , ]
    • a
    • Uwaga ogólna (NP)
    • W broszurze informacja o zawartości płyt.
500 -Uwaga ogólna [ , ]
    • a
    • Uwaga ogólna (NP)
    • Medienpaket: Audio-CD 1: Kursbuch, Lektion 1 bis 3 ; Audio-CD 2: Kursbuch, Lektion 4 bis 5, Übungsbuch, Lektion 1 bis 5 ; Audio-CD 3: Kursbuch, Lektion 6 bis 8 ; Audio-CD 4: Kursbuch, Lektion 9 bis 10, Übungsbuch, Lektion 6 bis 10 ; DVD-Video: Filme 1 bis 4, Erklärvideo zu Lektion 4, Auf dem Weg zur Prüfung 2 und 8.
500 -Uwaga ogólna [ , ]
    • a
    • Uwaga ogólna (NP)
    • Czas nagrań: 4 Audio-CDs (CD 1 ca. 47 Min, CD 2 ca. 40 Min., CD 3 ca. 45 Min, CD 4 ca. 50 Min.) ; 1 DVD (Film 1: 06:33 Min., Film 2: 05:00 Min., Film 3: 02:10 Min., Film 4: 04:31 Min., Erklärvideo: 02:22 Min., Film "Auf dem Weg zur Prüfung 2": 03:41 Min., Film "Auf dem Weg zur Prüfung 8": 04:01 Min.).
710 -Hasło dodatkowe - nazwa ciała zbiorowego [2, ]
    • a
    • Nazwa ciała zbiorowego lub nazwa geograficzna jako pierwszy element (NP)
    • Ernst Klett Verlag (Stuttgart).
    • e
    • Rodzaj współpracy
    • Wydawca
    • 9
    • KHW
    • 83751
Kod kreskowy Data wprowadzenia opisu Sygnatura Status udostępniania Akcesja Cena Numer inwentarzowy Data inwentaryzacji Sposób nabycia Kierowanie
20050200293742021-10-22Germ. Nauka jęz.-podręczniki 89-321da040/2159.00Ad.29372021-10-27daBM
20050200294352021-11-16GERM. Nauka języka niem. 19121da048/1159.00Ad.29432021-11-22daBM